Agricultural innovation systems <a> framework for analysing the role of the government

Uložené v:
Podrobná bibliografia
Médium: Kniha
Jazyk:English
Vydavateľské údaje: Paris OECD 2013
Predmet:
Tagy: Pridať tag
Žiadne tagy, Buďte prvý, kto otaguje tento záznam!

MARC

LEADER 00000nam a2200000 4500
001 0177647
005 20240315120340.3
020 |a 978-92-64-20058-6 
041 0 |a eng 
044 |a FR 
245 1 0 |a Agricultural innovation systems  |b <a> framework for analysing the role of the government 
264 1 |a Paris  |b OECD  |c 2013 
300 |a 105 s. 
610 2 0 |a politika poľnohospodárska 
610 2 0 |a inovácia 
610 2 0 |a porovnanie štatistické medzinárodné